|
|
|
|
| LEADER |
01965nam a2200469 i 4500 |
| 001 |
EBC1762796 |
| 003 |
MiAaPQ |
| 005 |
20200520144314.0 |
| 006 |
m o d | |
| 007 |
cr cnu|||||||| |
| 008 |
140818t20142014njua o 001 0 eng d |
| 020 |
|
|
|z 9781118915233
|
| 020 |
|
|
|a 9781118920602
|q (electronic bk.)
|
| 020 |
|
|
|a 9781118920657
|q (electronic bk.)
|
| 035 |
|
|
|a (MiAaPQ)EBC1762796
|
| 035 |
|
|
|a (Au-PeEL)EBL1762796
|
| 035 |
|
|
|a (CaPaEBR)ebr10906612
|
| 035 |
|
|
|a (CaONFJC)MIL635743
|
| 035 |
|
|
|a (OCoLC)883391878
|
| 040 |
|
|
|a MiAaPQ
|b eng
|e rda
|e pn
|c MiAaPQ
|d MiAaPQ
|
| 050 |
|
4 |
|a HD30.23
|b .C357 2014
|
| 082 |
0 |
|
|a 658.4/038028557
|2 23
|
| 100 |
1 |
|
|a Carter, Keith B.,
|d 1973-
|e author.
|
| 245 |
1 |
0 |
|a Actionable intelligence :
|b a guide to delivering business results with big data fast! /
|c Keith B. Carter with contributions from Donald Farmer and Clifford Siegel.
|
| 264 |
|
1 |
|a Hoboken, New Jersey :
|b Wiley,
|c 2014.
|
| 264 |
|
4 |
|c 2014
|
| 300 |
|
|
|a 1 online resource (226 pages) :
|b illustrations (some color)
|
| 336 |
|
|
|a text
|2 rdacontent
|
| 337 |
|
|
|a computer
|2 rdamedia
|
| 338 |
|
|
|a online resource
|2 rdacarrier
|
| 500 |
|
|
|a Includes index.
|
| 588 |
|
|
|a Description based on print version record.
|
| 590 |
|
|
|a Electronic reproduction. Ann Arbor, MI : ProQuest, 2015. Available via World Wide Web. Access may be limited to ProQuest affiliated libraries.
|
| 650 |
|
0 |
|a Decision making.
|
| 650 |
|
0 |
|a Strategic planning.
|
| 650 |
|
0 |
|a Big data.
|
| 655 |
|
4 |
|a Electronic books.
|
| 700 |
1 |
|
|a Farmer, Donald,
|e contributor.
|
| 700 |
1 |
|
|a Siegel, Clifford,
|e contributor.
|
| 776 |
0 |
8 |
|i Print version:
|a Carter, Keith B., 1973-
|t Actionable intelligence : a guide to delivering business results with big data fast!
|d Hoboken, New Jersey : Wiley, c2014
|h xviii, 205 pages
|z 9781118915233
|w 2014018462
|
| 797 |
2 |
|
|a ProQuest (Firm)
|
| 856 |
4 |
0 |
|u https://ebookcentral.proquest.com/lib/matrademy/detail.action?docID=1762796
|z Click to View
|